Szczegóły MARC21

Psychologia a religia /

003 -Nazwa inst., której nr kontr. jest w polu 001 [,]
    • @
    • Nazwa instytucji, której n kontrolny jest w polu 001
    • NUKAT
005 -DATA I CZAS OSTATNIEJ MODYFIKACJI [,]
    • @
    • pole kontrolne
    • 20241231103944.0
020 -Międzynarod. znormalizowany nr książki - ISBN [ , ]
    • a
    • Numer ISBN
    • 8390265303 Find
020 -Międzynarod. znormalizowany nr książki - ISBN [ , ]
    • a
    • Numer ISBN
    • 8390017512 Find
040 -Instytucja sporządzająca opis [ , ]
    • a
    • Instytucja, która sporządziła opis (NP)
    • TOR U/KPe
    • c
    • Instytucja, która sporządziła rekord (NP)
    • TOR U/KPe
    • d
    • Instytucja, która zmodyfikowała rekord (P)
    • TOR U/AP
    • d
    • Instytucja, która zmodyfikowała rekord (P)
    • Ł U/AS
041 -Język dokumentu [1, ]
    • a
    • Język tekstu (P)
    • polski
    • h
    • Język tekstu oryginalnego i/lub pośredniego (P)
    • niemiecki
942 -Rodzaj dokumentu [ , ]
    • c
    • Rodzaj dokumentu
    • Książka
100 -Hasło główne - nazwa osobowa [1, ]
    • a
    • Nazwa osobowa (NP)
    • Jung, Carl Gustav
    • d
    • Daty biograficzne (NP)
    • (1875-1961).
    • 9
    • KHW
    • 8357
240 -Tytuł ujednolicony [1,0]
    • a
    • Tytuł ujednolicony
    • Psychologie und Religion
    • l
    • Język tekstu
    • (pol.)
    • 9
    • KHW
    • 485276
245 -Strefa tytułu i oznaczenia odpowiedzialności [1,0]
    • a
    • Tytuł
    • Psychologia a religia / Find
    • c
    • Pozostałe elementy strefy tytułu i oznaczenia odpowiedzialności (NP)
    • Carl Gustav Jung ; przeł. Jerzy Prokopiuk ; oprac. Robert Reszke.
260 -Strefa adresu wydawniczego [ , ]
    • a
    • Miejsce wydania (P)
    • Warszawa :
    • b
    • Nazwa wydawcy (P)
    • KR :
    • b
    • Nazwa wydawcy (P)
    • Wrota,
    • c
    • Data wydania (P)
    • 1995.
300 -Strefa opisu fizycznego [ , ]
    • a
    • Określenie formy książki i/lub objętość (NP)
    • 165, [2] s. ;
    • c
    • Format (NP)
    • 20 cm.
336 -Typ zawartości [ , ]
    • a
    • Termin opisujący typ zawartości
    • Tekst
    • b
    • Kod określający zawartość
    • txt
    • 2
    • Źródło (terminu i kodu)
    • rdacontent
337 -Typ mediów [ , ]
    • a
    • Tryb odtwarzania
    • Bez urządzenia pośredniczącego
    • b
    • Kod typu mediów
    • n
    • 2
    • Źródło (terminu i kodu)
    • rdamedia
338 -Typ/rodzaj nośnika [ , ]
    • a
    • Hasło opisujące typ nośnika
    • Wolumin
    • b
    • Kod typu nośnika
    • nc
    • 2
    • Źródło (terminu i kodu)
    • rdacarrier
500 -Uwaga ogólna [ , ]
    • a
    • Uwaga ogólna (NP)
    • Podst. przekł.: Gesammelte Werke, t. XI, s. 17-125.
504 -Uwaga dot. bibliogr. załącznikowej [ , ]
    • a
    • Uwaga dot. bibliografii załącznikowej
    • Bibliogr. s. 141-152. Indeksy.
080 -Uniwersalna Klasyfikacja Dziesiętna [ , ]
    • a
    • Symbol klasyfikacji
    • 159.923
    • 9
    • UKD
    • 2425
    • 2
    • Identyfikator wydania tablic
    • UDC-P058
    • b
    • Dopowiedzenie
    • Osobowość. Psychologia indywidualna. Cechy charakteru. Temperamenty i ich typologia. Kształtowanie osobowości. Samowiedza. Samopoznanie. Samorealizacja. Samoakceptacja.
080 -Uniwersalna Klasyfikacja Dziesiętna [ , ]
    • a
    • Symbol klasyfikacji
    • :248
650 -Hasło przedmiotowe [ ,7]
    • a
    • Hasło przedmiotowe
    • Psychoanaliza i religia.
    • 2
    • Źródło terminu
    • kaba
    • 9
    • KHW
    • 126941
980 -Symbol UKD [ , ]
    • a
    • UKD
    • 159.923:248
700 -Hasło dodatkowe - nazwa osobowa [1, ]
    • a
    • Nazwa osobowa (NP)
    • Prokopiuk, Jerzy Find
    • d
    • Daty biograficzne (NP)
    • (1931-2021).
    • e
    • Określenie rodzaju współpracy
    • Tł.
    • 9
    • KHW
    • 17535
700 -Hasło dodatkowe - nazwa osobowa [1, ]
    • a
    • Nazwa osobowa (NP)
    • Reszke, Robert Find
    • d
    • Daty biograficzne (NP)
    • (1964-2012).
    • e
    • Określenie rodzaju współpracy
    • Oprac.
    • 9
    • KHW
    • 46273
920 -ISBN [ , ]
    • a
    • ISBN
    • 83-902653-0-3 Find
920 -ISBN [ , ]
    • a
    • ISBN
    • 83-900175-1-2 Find
Numer inwentarzowy Status udost. Data inwentaryzacji Lokalizacja
Pd.828911995-08-31BG